[Event "5. Griesheimer Schachtage 2009"]
[Site "Griesheim"]
[Date "2009.05.16"]
[Round "2.24"]
[White "Wolk, Christine"]
[Black "Schroeder, Jan-Christian"]
[Result "0-1"]
[WhiteElo "1687"]
[BlackElo "1820"]
[PlyCount "50"]

1. e4 e5 2. Nf3 Nc6 3. Bb5 a6 4. Ba4 Nf6 5. O-O Be7 6. c3
Nxe4 7. Qe2 Nf6 8. Nxe5 Nxe5 9. Qxe5 b5 10. Bc2 d6 11. Qg3 Bb7 12. d4 Qd7 13.
Nd2 h5 14. Nf3 O-O-O 15. Qf4 g6 16. Ng5 Bd5 17. Bd2 h4 18. a4 h3 19. Nxh3 Bxg2
20. Ng5 Bxf1 21. Kxf1 Rdf8 22. h4 Ng4 23. Nxf7 Rxh4 24. Kg1 Nh6 25. Qf3 Qg4+
0-1

[Event "5. Griesheimer Schachtage 2009"]
[Site "Griesheim"]
[Date "2009.05.16"]
[Round "2.25"]
[White "Sarkoezy, Benjamin"]
[Black "Krischak, Werner"]
[Result "1-0"]
[WhiteElo "1820"]
[BlackElo "1619"]
[PlyCount "123"]

1. d4 d5 2. Bg5 Nf6 3. Bxf6 exf6 4. e3 Bd6 5. g3 c6 6. Bg2 O-O 7. Nd2 f5 8. Ne2
Nd7 9. O-O Nf6 10. c4 Ne4 11. cxd5 cxd5 12. Nb3 Bd7 13. Nf4 Bc6 14. Qd3 Qd7 15.
Rfc1 Bb5 16. Qd1 Bc4 17. Na5 Rac8 18. Nxc4 dxc4 19. Ne2 b5 20. Qc2 Rfe8 21. Nc3
Nf6 22. Bh3 g6 23. a3 Bf8 24. e4 Qxd4 25. exf5 Rc5 26. Rd1 Qe5 27. Qd2 gxf5 28.
Re1 Ne4 29. Qd7 Rc7 30. Qxf5 Qxf5 31. Bxf5 Nd6 32. Rxe8 Nxe8 33. Rd1 Nd6 34.
Bc2 a6 35. Nd5 Rb7 36. Nf6+ Kg7 37. Nxh7 Be7 38. Rd4 f5 39. Ng5 Bxg5 40. Rxd6
Bc1 41. b3 cxb3 42. Bxb3 a5 43. a4 bxa4 44. Bxa4 Rb4 45. Bd7 a4 46. Ra6 a3 47.
Bxf5 Rd4 48. h4 Rd2 49. Be6 Kf6 50. Kg2 Ke5 51. h5 Rd6 52. Rxd6 Kxd6 53. Ba2
Ke5 54. Bb1 Bd2 55. f4+ Kf6 56. Kf3 Be1 57. g4 Bh4 58. h6 Kf7 59. g5 Be1 60. f5
Bc3 61. Ba2+ Kf8 62. f6 1-0

[Event "5. Griesheimer Schachtage 2009"]
[Site "Griesheim"]
[Date "2009.05.16"]
[Round "2.26"]
[White "Selzer, Torsten"]
[Black "Tran, My Linh"]
[Result "1/2-1/2"]
[WhiteElo "1618"]
[BlackElo "1813"]
[PlyCount "76"]

1. d4 Nf6 2. Nf3 c5 3. c3 b6 4. Bg5 e6 5. e3 Bb7 6. Bd3 Be7 7. Nbd2 h6 8. Bh4
d6 9. O-O Nbd7 10. Re1 O-O 11. a4 a6 12. Bg3 Nh5 13. Nf1 Nxg3 14. Nxg3 Nf6 15.
Qe2 Nd5 16. Rad1 Qd7 17. Bc2 Bc6 18. e4 Nc7 19. dxc5 bxc5 20. Ne5 Qe8 21. Nxc6
Qxc6 22. e5 d5 23. Qd3 g6 24. Nh5 Ne8 25. Nf4 c4 26. Nxg6 cxd3 27. Nxe7+ Kh8
28. Nxc6 dxc2 29. Rd2 Ng7 30. Rxc2 Nf5 31. Rd2 Rfc8 32. Nd4 Ne7 33. Re3 Ra7 34.
Rf3 Ng6 35. Re2 Rac7 36. g3 Kg7 37. h4 Rc4 38. b3 Rxc3 1/2-1/2

[Event "5. Griesheimer Schachtage 2009"]
[Site "Griesheim"]
[Date "2009.05.16"]
[Round "2.27"]
[White "Neuner, Johannes"]
[Black "Heilmann, Michael"]
[Result "1-0"]
[WhiteElo "1871"]
[BlackElo "1288"]
[PlyCount "75"]

1. e4 e6 2. d4 d5 3. Nd2 Nf6 4. e5 Nfd7 5. Bd3 Be7 6. Qg4 O-O 7. Ndf3 f5 8. Qg3
Qe8 9. Ne2 Qg6 10. Qxg6 hxg6 11. Bg5 Rf7 12. Nf4 Nf8 13. c4 Bb4+ 14. Ke2 c6 15.
Rac1 Nbd7 16. cxd5 cxd5 17. Rc2 Nb6 18. Rhc1 Bd7 19. a3 Be7 20. Rc7 Rc8 21. Kd2
Rxc7 22. Rxc7 Bxg5 23. Nxg5 Re7 24. Rxb7 Re8 25. Rxa7 Rc8 26. b3 Ra8 27. Rxa8
Nxa8 28. Kc3 Nc7 29. Kb4 Nh7 30. Nxh7 Kxh7 31. Kc5 g5 32. Kd6 Nb5+ 33. Kxd7
Nxd4 34. Nxe6 Nxb3 35. Bxf5+ g6 36. Nf8+ Kg7 37. Nxg6 d4 38. e6 1-0

[Event "5. Griesheimer Schachtage 2009"]
[Site "Griesheim"]
[Date "2009.05.16"]
[Round "2.28"]
[White "Damm, Nils"]
[Black "Will, Dominik"]
[Result "0-1"]
[WhiteElo "1473"]
[BlackElo "1790"]
[PlyCount "102"]

1. e4 c5 2. Nf3 g6 3. Bc4 Bg7 4. O-O Nc6 5. c3 Qb6 6. Qb3 Qxb3 7. Bxb3 e6 8. d3
d6 9. Nbd2 b5 10. a4 b4 11. c4 Nge7 12. e5 Nxe5 13. Nxe5 Bxe5 14. f4 Bd4+ 15.
Kh1 Bb7 16. Ne4 Nf5 17. Bd1 O-O-O 18. Bf3 Nh4 19. Ng5 Bxf3 20. gxf3 Rdf8 21.
Ne4 Nf5 22. Rb1 Kc7 23. b3 h6 24. Bb2 Bxb2 25. Rxb2 Nd4 26. Kg2 h5 27. a5 h4
28. Nf6 h3+ 29. Kg3 Nf5+ 30. Kf2 Rh4 31. Ng4 f6 32. Re1 Kd7 33. Rd2 Nd4 34. Rb2
f5 35. Kg3 fxg4 36. Kxh4 Nxf3+ 37. Kxg4 Nxe1 38. Rd2 Ng2 39. Kxh3 Nxf4+ 40. Kg4
e5 41. h4 Ne6 42. Rg2 Rf4+ 43. Kg3 Nd4 44. Kh3 Rf6 45. Kg4 Nxb3 46. Kg5 Ke6 47.
Kh6 Kf7 48. Kh7 Nd4 49. h5 gxh5 50. Rg7+ Ke6 51. Rxa7 Rf7+ 0-1

[Event "5. Griesheimer Schachtage 2009"]
[Site "Griesheim"]
[Date "2009.05.16"]
[Round "2.29"]
[White "Fuehrer, Michael"]
[Black "Heilmann, Jean-Michel"]
[Result "1-0"]
[WhiteElo "1787"]
[BlackElo "1151"]
[PlyCount "41"]

1. e4 e6 2. d4 d5 3. e5 c5 4. Qg4 cxd4 5. Nf3 Nc6 6. Bd3 Qc7 7. Qg3 Bd7 8. O-O
Nge7 9. a3 Ng6 10. Re1 O-O-O 11. b4 f5 12. b5 f4 13. Bxf4 Na5 14. Ng5 Rg8 15.
Nxh7 Nxf4 16. Qxf4 Nc4 17. Nxf8 Rdxf8 18. Qxd4 Bxb5 19. Nc3 Ba6 20. f4 b6 21.
f5 1-0

[Event "5. Griesheimer Schachtage 2009"]
[Site "Griesheim"]
[Date "2009.05.16"]
[Round "2.30"]
[White "Henkelmann, Frank"]
[Black "Diehl, Mirko"]
[Result "0-1"]
[WhiteElo "1176"]
[BlackElo "1773"]
[PlyCount "74"]

1. e4 c5 2. c4 Nc6 3. Nc3 g6 4. g3 Bg7 5. Nge2 d6 6. d3 Nf6 7. Bg2 O-O 8. O-O
Rb8 9. Be3 Bd7 10. Qd2 a6 11. Rac1 Ng4 12. Bf3 Nxe3 13. fxe3 Bh3 14. Rf2 e5 15.
Bg2 Bxg2 16. Kxg2 Qa5 17. a3 Bh6 18. Rcf1 Ne7 19. Nc1 b5 20. Nd5 Qd8 21. Nf6+
Kh8 22. Ng4 Bg7 23. Rxf7 Rxf7 24. Rxf7 Qe8 25. Rf3 Ng8 26. Rf2 h5 27. Qa5 Qc6
28. cxb5 axb5 29. Qa7 Qb7 30. Qxb7 Rxb7 31. Nxe5 Bxe5 32. Nb3 Bg7 33. d4 c4 34.
Na5 Re7 35. Rf4 Bh6 36. Nc6 Rc7 37. Ne7 Rxe7 0-1

[Event "5. Griesheimer Schachtage 2009"]
[Site "Griesheim"]
[Date "2009.05.16"]
[Round "2.31"]
[White "Adamczyk, Matthias"]
[Black "Struwecker, Sigurd"]
[Result "1/2-1/2"]
[WhiteElo "1770"]
[BlackElo "1058"]
[PlyCount "132"]

1. d4 d5 2. g3 Nf6 3. Bg2 e6 4. Nf3 c5 5. c3 Nbd7 6. O-O
b6 7. Bf4 Bb7 8. Nbd2 Be7 9. Re1 O-O 10. Rc1 Rc8 11. Qb3 c4 12. Qc2 b5 13. Ne5
Nxe5 14. Bxe5 Nd7 15. e4 Nxe5 16. dxe5 d4 17. cxd4 Qxd4 18. Nf3 Qd3 19. Qxd3
cxd3 20. Rcd1 Rfd8 21. Re3 a6 22. Bf1 Bc5 23. Rexd3 Rxd3 24. Bxd3 Bb6 25. Kf1
f5 26. exf6 gxf6 27. Ke2 Rd8 28. g4 Kf7 29. h4 h6 30. g5 fxg5 31. hxg5 hxg5 32.
Nxg5+ Kf6 33. f4 e5 34. Nh3 Rg8 35. Kf3 Rd8 36. Bc2 Rxd1 37. Bxd1 Bc8 38. fxe5+
Kxe5 39. Ng5 Bb7 40. Nf7+ Ke6 41. Bb3+ Ke7 42. Kf4 Bd4 43. Ne5 Bxb2 44. Nd3 Bd4
45. e5 a5 46. Bg8 Bc8 47. Ke4 Bb6 48. Nf4 Bb7+ 49. Bd5 Bc8 50. Bc6 Kf7 51. Bxb5
Bd8 52. Bc4+ Ke7 53. Ng6+ Ke8 54. e6 Bb7+ 55. Kf5 Bc6 56. Ne5 Ba4 57. Bb3 Bb5
58. Bd5 Ke7 59. Bc6 Bf1 60. Bf3 Bh3+ 61. Bg4 Bg2 62. Ng6+ Kd6 63. Nf4 Bd5 64.
Nxd5 Kxd5 65. Kg6 Kd6 66. Kf7 Bh4 1/2-1/2

[Event "5. Griesheimer Schachtage 2009"]
[Site "Griesheim"]
[Date "2009.05.16"]
[Round "2.32"]
[White "Riedel, Matthias"]
[Black "Merkel, Gregor"]
[Result "1-0"]
[WhiteElo "1087"]
[BlackElo "1743"]
[PlyCount "73"]

1. d4 d5 2. Nf3 Nf6 3. Nc3 e6 4. Bg5 Bb4 5. Qd2 h6 6. Bh4 g5 7. Bg3 Ne4 8. Qd3
b6 9. e3 Ba6 10. Qd1 Bxf1 11. Kxf1 Bxc3 12. bxc3 Nxc3 13. Qd3 Ne4 14. Rb1 h5
15. h4 Nxg3+ 16. fxg3 g4 17. Ng5 Qe7 18. e4 c6 19. e5 Nd7 20. Ke2 c5 21. c3 c4
22. Qc2 O-O-O 23. Qa4 Kb7 24. Rhf1 f6 25. exf6 Nxf6 26. Qb4 Qxb4 27. Rxb4 Rhf8
28. Ke3 Rde8 29. Rb2 Nd7 30. Rbf2 Rxf2 31. Rxf2 e5 32. dxe5 Rxe5+ 33. Kd4 Kc6
34. a4 Kd6 35. Nf7+ Ke6 36. Nxe5 Nxe5 37. Re2 1-0

[Event "5. Griesheimer Schachtage 2009"]
[Site "Griesheim"]
[Date "2009.05.16"]
[Round "3.2"]
[White "Dietz, Holger"]
[Black "Farmani Anosheh, Armin"]
[Result "0-1"]
[WhiteElo "2293"]
[BlackElo "2136"]
[PlyCount "96"]

1. Nf3 Nf6 2. c4 g6 3. Nc3 Bg7 4. d4 d6 5. Bg5 O-O 6. e3
Nbd7 7. Be2 c5 8. O-O a6 9. a3 h6 10. Bh4 g5 11. Bg3 Nh5 12. b4 Nxg3 13. hxg3
b6 14. Qd2 Bb7 15. Rfd1 Qc7 16. Rac1 Nf6 17. Nd5 Bxd5 18. cxd5 Qa7 19. dxc5
bxc5 20. bxc5 Ne4 21. Qc2 Nxc5 22. Nd4 Bxd4 23. exd4
Nd7 24. Qf5 Nf6 25. Rc6 Qb7 26. Rb1 Qa7 27.
Rb4 a5 28. Rbc4 Qb7 29. a4 Rab8 30. Bd3 Kg7 31. f4 g4 32. Kh2 Qb2 33. Rc7 Rfe8 34. Ra7 Qf2 35. Bc2 Rb2 36. Rxa5 Reb8 37. Ra7 R8b3 38. Rxe7 Qxg3+ 39. Kg1
Rxc2 40. Qxc2 Nxd5 41. Rxf7+ Kxf7 42. Qh7+ Kf6 43. Qxh6+ Kf5 44. Qh7+
Kxf4 45. Qf7+ Ke4 46. Qh7+ Ke3 47. Rc8 Qe1+ 48. Kh2 g3+ 0-1

[Event "5. Griesheimer Schachtage 2009"]
[Site "Griesheim"]
[Date "2009.05.16"]
[Round "3.3"]
[White "Steinkohl, Thomas"]
[Black "Werner, Bernd-Michael"]
[Result "1-0"]
[WhiteElo "2246"]
[BlackElo "2123"]
[PlyCount "37"]

1. e4 Nf6 2. Nc3 d5 3. e5 Nfd7 4. d4 e6 5. f4 c5 6. Nf3 Nc6 7. Be3 Qb6 8. Qd2
cxd4 9. Nxd4 Bc5 10. Na4 Bb4 11. c3 Qa5 12. cxb4 Qxa4 13. Nc2 Ne7 14. b5 b6 15.
Bd4 Nc5 16. b3 Nxb3 17. axb3 Qxb3 18. h4 Bd7 19. Rh3 1-0

[Event "5. Griesheimer Schachtage 2009"]
[Site "Griesheim"]
[Date "2009.05.16"]
[Round "3.4"]
[White "Bahlke, Wolfgang"]
[Black "Diaz, Joaquin"]
[Result "1-0"]
[WhiteElo "2125"]
[BlackElo "2162"]
[PlyCount "80"]

1. c4 c6 2. Nf3 Nf6 3. g3 d5 4. b3 Bg4 5. Bb2 Bxf3 6. exf3 e6 7. Bg2 Bc5 8. O-O
O-O 9. d4 Bb6 10. Na3 a5 11. Nc2 Nbd7 12. Qe2 a4 13. c5 Bc7 14. f4 Qb8 15. b4
b5 16. Ne1 Re8 17. Nd3 Nf8 18. Rae1 N6d7 19. Qh5 a3 20. Bc3 Nf6 21. Qd1 Bd8 22.
Re3 Ng6 23. Rfe1 Ne7 24. g4 g6 25. Ne5 Qc8 26. f3 Kg7 27. Bh3 Rg8 28. Kh1 h6
29. f5 exf5 30. gxf5 Nxf5 31. Qd3 Nh5 32. Bxf5 gxf5 33. Rg1+ Kf8 34. Rxg8+ Kxg8
35. f4 Nxf4 36. Rg3+ Kf8 37. Qf3 Bg5 38. Bd2 Ne6 39. Qh5 Ra7 40. Bxg5 f4 1-0

[Event "5. Griesheimer Schachtage 2009"]
[Site "Griesheim"]
[Date "2009.05.16"]
[Round "3.5"]
[White "Hahn, Werner"]
[Black "Nies, Peter"]
[Result "0-1"]
[WhiteElo "2159"]
[BlackElo "2089"]
[PlyCount "122"]

1. d4 d5 2. c4 c6 3. Nf3 dxc4 4. a4 Nf6 5. Nc3 Bf5 6. e3 e6 7. Bxc4 Nbd7 8. O-O
Qc7 9. Qe2 Be7 10. e4 Bg4 11. Bg5 e5 12. d5 O-O 13. Rac1 Qa5 14. dxc6 bxc6 15.
Rfd1 Nc5 16. h3 Bh5 17. Qe3 Bxf3 18. Qxf3 Rab8 19. Rc2 Qb4 20. Bf1 h6 21. Be3
Nxa4 22. Bxa7 Rb7 23. Be3 Nxc3 24. Rxc3 Qxe4 25. Qxe4 Nxe4 26. Rxc6 Rxb2 27.
Rd7 Bg5 28. Bxg5 hxg5 29. Re7 Nd2 30. Bd3 Rd8 31. Bf5 g6 32. Bg4 Rb1+ 33. Kh2
Nf1+ 34. Kg1 Rd3 35. Bf3 Nd2+ 36. Kh2 Nxf3+ 37. gxf3 Rxf3 38. Rxe5 Rxf2+ 39.
Kg3 Rbb2 40. Rc8+ Kg7 41. Ree8 Rg2+ 42. Kf3 Rbf2+ 43. Ke3 Re2+ 44. Kf3 Rxe8 45.
Rxe8 Ra2 46. Rb8 Ra3+ 47. Kg2 f5 48. Rb5 Kh6 49. Rb8 f4 50. Rf8 Rb3 51. Rf7
Rb2+ 52. Kg1 Rb4 53. Kg2 g4 54. hxg4 Kg5 55. Rg7 Rb6 56. Kf3 Rb3+ 57. Ke4 Re3+
58. Kd4 Re6 59. Kd5 Ra6 60. Kd4 Kxg4 61. Rf7 Re6 0-1

[Event "5. Griesheimer Schachtage 2009"]
[Site "Griesheim"]
[Date "2009.05.16"]
[Round "3.6"]
[White "Hornung, Thomas"]
[Black "Zuyev, Igor"]
[Result "0-1"]
[WhiteElo "2070"]
[BlackElo "2308"]
[PlyCount "66"]

1. d4 Nf6 2. c4 e6 3. Nf3 Bb4+ 4. Nbd2 b6 5. e3 Bb7 6. Bd3
O-O 7. O-O d5 8. a3 Be7 9. b4 a5 10. b5 dxc4 11. Nxc4 Qd5 12. Nce5 Ne4 13. Bb2
f6 14. Bc4 Qd6 15. Nd3 Bd5 16. Rc1 Bxc4 17. Rxc4 c6 18. a4 cxb5 19. axb5 Qd5
20. Qa4 Bd6 21. Rfc1 Na6 22. Rc6 Nb4 23. Nxb4 axb4 24. Qc2 b3 25. Qc4 Qxc4 26.
R6xc4 Ra2 27. Rb1 Rfa8 28. g3 R8a5 29. d5 exd5 30. Rd4 Ba3 31. Bxa3 R5xa3 32.
Rd3 Rxf2 33. Ne1 Raa2 0-1

[Event "5. Griesheimer Schachtage 2009"]
[Site "Griesheim"]
[Date "2009.05.16"]
[Round "3.7"]
[White "Hoeck, Raimund"]
[Black "Barthel, Ansgar"]
[Result "0-1"]
[WhiteElo "2064"]
[BlackElo "2258"]
[PlyCount "60"]

1. d4 Nf6 2. c4 g6 3. Nc3 Bg7 4. e4 d6 5. Nf3 O-O 6. Be2 Bg4 7. Be3 Nfd7 8. h3
Bxf3 9. Bxf3 Nc6 10. Qd2 e5 11. d5 Nd4 12. Bxd4 exd4 13. Ne2 d3 14. Qxd3 Bxb2
15. Rb1 Bg7 16. O-O Re8 17. Ng3 Nc5 18. Qc2 Qf6 19. Rfe1 Re7 20. Re2 Rae8 21.
Rbe1 h5 22. Re3 h4 23. Nf1 a6 24. Nh2 Qd4 25. Rd1 Qb2 26. Qxb2 Bxb2 27. Rde1
Bd4 28. R3e2 Bc3 29. Rc1 Ba5 30. Rb1 f5 0-1

[Event "5. Griesheimer Schachtage 2009"]
[Site "Griesheim"]
[Date "2009.05.16"]
[Round "3.8"]
[White "Hummel, Dennis"]
[Black "Prudlo, Simon"]
[Result "0-1"]
[WhiteElo "2003"]
[BlackElo "2238"]
[PlyCount "60"]

1. e4 e6 2. d4 d5 3. exd5 exd5 4. Bd3 Nf6 5. Nf3 Be7 6. O-O O-O 7. Bg5 h6 8.
Bh4 c5 9. c3 Nc6 10. dxc5 Bxc5 11. Nbd2 Bg4 12. h3 Bh5 13. Qc2 Qd6 14. g4 g5
15. gxh5 gxh4 16. Kh1 Kh8 17. Nb3 Qf4 18. Nxc5 Qxf3+ 19. Kh2 Qf4+ 20. Kh1 b6
21. Nb3 Qf3+ 22. Kh2 Rg8 23. Rg1 Ne5 24. Bf5 Qf4+ 25. Kh1 Nf3 26. Rg2 Rxg2 27.
Kxg2 Rg8+ 28. Bg4 Nxg4 29. hxg4 Qxg4+ 30. Kf1 Re8 0-1

[Event "5. Griesheimer Schachtage 2009"]
[Site "Griesheim"]
[Date "2009.05.16"]
[Round "3.9"]
[White "Gramlich, Sebastian"]
[Black "Leiter, Thomas"]
[Result "1-0"]
[WhiteElo "2225"]
[BlackElo "2054"]
[PlyCount "134"]

1. d4 Nf6 2. c4 e6 3. Nf3 b6 4. g3 Ba6 5. Qc2 c6 6. Bg2 d5 7. Ne5 Nfd7 8. cxd5
cxd5 9. Nxd7 Qxd7 10. O-O Nc6 11. Rd1 Be7 12. Nc3 O-O 13. Qa4 Qb7 14. e4 b5 15.
Qc2 Rad8 16. exd5 Nb4 17. Qe4 Nxd5 18. Qg4 b4 19. Bh6 Bf6 20. Ne4 Qe7 21. h4
Rc8 22. Rd2 Nb6 23. b3 Rc7 24. Nxf6+ Qxf6 25. Bg5 Qg6 26. h5 Qf5 27. Qxf5 exf5
28. d5 f6 29. Be3 Rd8 30. Rad1 Nc8 31. d6 Rcd7 32. Bc5 Bb7 33. Bf1 Bf3 34. Bc4+
Kf8 35. Be6 Bxd1 36. Bxd7 Rxd7 37. Rxd1 a5 38. a3 bxa3 39. Bxa3 Kf7 40. Rd5 Ke6
41. Rxa5 Rb7 42. Ra8 Kd7 43. b4 Nxd6 44. Rh8 h6 45. Kg2 Ke6 46. Ra8 f4 47. Ra6
Kd5 48. gxf4 Nc4 49. Kf3 f5 50. Bc1 Rxb4 51. Ra7 Rb1 52. Be3 Nxe3 53. fxe3 Rh1
54. Rxg7 Rxh5 55. Re7 Kd6 56. Re5 Kd7 57. Kg3 Kd6 58. e4 Kd7 59. exf5 Rh1 60.
Kg2 Ra1 61. Kf3 Rg1 62. Re3 Rg8 63. Re6 h5 64. Rh6 Ke7 65. Ke4 Ra8 66. Rxh5
Ra4+ 67. Kf3 67... Kf6 {ZUE} 1-0

[Event "5. Griesheimer Schachtage 2009"]
[Site "Griesheim"]
[Date "2009.05.16"]
[Round "3.10"]
[White "Hahn, Florian"]
[Black "Busch, Lorenz"]
[Result "0-1"]
[WhiteElo "1688"]
[BlackElo "2158"]
[PlyCount "104"]

1. c4 Nf6 2. g3 e5 3. Bg2 c6 4. d4 exd4 5. Qxd4 d5 6. cxd5 cxd5 7. Nf3 Nc6 8.
Qd1 Bc5 9. O-O O-O 10. Nc3 h6 11. e3 Be6 12. Nb5 Qb6 13. Nbd4 Nxd4 14. Nxd4
Bxd4 15. Qxd4 Qxd4 16. exd4 Rac8 17. Bd2 Rc4 18. Be3 Rc2 19. b3 Rfc8 20. Rfc1
Ng4 21. Rxc2 Rxc2 22. Bf1 Bf5 23. Bg2 Be4 24. Bxe4 dxe4 25. Rd1 Kf8 26. Bd2
Rxa2 27. h3 Nf6 28. Bb4+ Ke8 29. Bd6 Rb2 30. Ra1 a6 31. Ra3 Nd7 32. b4 Rd2 33.
Rc3 Kd8 34. Bc7+ Ke7 35. b5 Rxd4 36. bxa6 bxa6 37. Rc6 Ra4 38. Bd6+ Kd8 39.
Bc7+ Ke8 40. Bd6 f6 41. Rc7 Rd4 42. Ba3 Rd3 43. Bb4 Rb3 44. Bd6 Rb6 45. Ba3 g5
46. g4 Rb3 47. Bd6 Rxh3 48. Ra7 Rh4 49. Rxa6 Rxg4+ 50. Kh2 Kf7 51. Ra7 Ke6 52.
Ra6 Ne5 0-1

[Event "5. Griesheimer Schachtage 2009"]
[Site "Griesheim"]
[Date "2009.05.16"]
[Round "3.11"]
[White "Pelt, Alexander"]
[Black "Gutacker, Stephan"]
[Result "1-0"]
[WhiteElo "2099"]
[BlackElo "1985"]
[PlyCount "127"]

1. d4 Nf6 2. Nf3 e6 3. e3 b6 4. Bd3 Bb7 5. Nbd2 c5 6. O-O cxd4 7. exd4 Be7 8.
Re1 Nc6 9. c3 h6 10. Ne4 d5 11. Ng3 Qc7 12. Ne5 Nxe5 13. dxe5 Nd7 14. Qe2 a6
15. Bd2 b5 16. Nh5 g6 17. Ng3 h5 18. a4 bxa4 19. Bc2 Nc5 20. Bxa4+ Nxa4 21.
Rxa4 Qc6 22. Ra2 h4 23. Nf1 h3 24. Qf3 hxg2 25. Ne3 Qb5 26. Qe2 Qc6 27. Nc2 d4
28. Nxd4 Qd5 29. Raa1 Kd7 30. Bf4 Bh4 31. Rad1 Ke8 32. Nf5 Qc6 33. Nd6+ Ke7 34.
Nxb7 Qxb7 35. Qe4 Qxe4 36. Rxe4 Rhd8 37. Red4 Rxd4 38. Rxd4 Rd8 39. Rxd8 Kxd8
40. Kxg2 Kc7 41. Kf3 Kc6 42. b3 Kd5 43. Ke3 Bd8 44. Kd3 Bc7 45. b4 f6 46. c4+
Kc6 47. Ke4 g5 48. Be3 f5+ 49. Kd4 Bb6+ 50. Kd3 Bd8 51. Kc3 f4 52. Bd4 Be7 53.
Ba7 Bd8 54. f3 Bc7 55. Kd4 Kb7 56. Bc5 Kc6 57. Be7 g4 58. fxg4 f3 59. Bh4 a5
60. bxa5 Bxa5 61. Ke3 Kc5 62. Kxf3 Kxc4 63. Ke4 Bd2 64. Bf6 1-0

[Event "5. Griesheimer Schachtage 2009"]
[Site "Griesheim"]
[Date "2009.05.16"]
[Round "3.12"]
[White "Schroeder, Jan-Christian"]
[Black "Diehm, Alexander"]
[Result "1/2-1/2"]
[WhiteElo "1820"]
[BlackElo "2067"]
[PlyCount "65"]

1. e4 c5 2. Nf3 Nc6 3. d4 cxd4 4. Nxd4 e5 5. Nb5 a6 6. Nd6+ Bxd6 7. Qxd6 Qf6 8.
Qxf6 Nxf6 9. Bd3 d5 10. exd5 Nb4 11. Nc3 Nxd3+ 12. cxd3 Bf5 13. Ke2 O-O 14. Bg5
Nd7 15. Ne4 Nb6 16. d6 f6 17. Be3 Bxe4 18. dxe4 Nc4 19. Rhd1 Nxb2 20. Rd5 b5
21. Rc1 Nc4 22. a4 Rab8 23. axb5 axb5 24. Bc5 Rfd8 25. Ra1 Rd7 26. Ra7 Rdd8 27.
d7 Kf7 28. Bb4 Rb6 29. Ba5 Nxa5 30. Rxa5 b4 31. Rab5 Rxb5 32. Rxb5 Rxd7 33.
Rxb4 1/2-1/2

[Event "5. Griesheimer Schachtage 2009"]
[Site "Griesheim"]
[Date "2009.05.16"]
[Round "3.13"]
[White "Berger, Stefan"]
[Black "Sarkoezy, Benjamin"]
[Result "1/2-1/2"]
[WhiteElo "2045"]
[BlackElo "1820"]
[PlyCount "37"]

1. d4 d5 2. Bf4 Nf6 3. e3 Bf5 4. Nf3 Nbd7 5. c3 e6 6. Qb3 Qc8 7. Nbd2 Be7 8. h3
O-O 9. Be2 c5 10. O-O c4 11. Qd1 b5 12. Ne5 a5 13. g4 Bg6 14. Bg3 Nxe5 15. Bxe5
Nd7 16. Bg3 Qc6 17. f4 Bd6 18. Bh4 f6 19. g5 1/2-1/2

[Event "5. Griesheimer Schachtage 2009"]
[Site "Griesheim"]
[Date "2009.05.16"]
[Round "3.14"]
[White "Neuner, Johannes"]
[Black "Lenhardt, Manfred"]
[Result "0-1"]
[WhiteElo "1871"]
[BlackElo "2040"]
[PlyCount "56"]

1. e4 e6 2. d4 d5 3. Nd2 Nf6 4. e5 Nfd7 5. Bd3 c5 6. c3 Nc6 7. Ne2 cxd4 8. cxd4
f6 9. exf6 Nxf6 10. Nf3 Bd6 11. Bf4 O-O 12. O-O Bxf4 13. Nxf4 Ne4 14. g3 Qf6
15. Bxe4 dxe4 16. Nd2 Qxd4 17. Re1 e5 18. Rxe4 Qd6 19. Ne2 Bf5 20. Rh4 Rad8 21.
Qb3+ Be6 22. Nc4 Qc5 23. Qe3 Qxe3 24. Nxe3 Rd2 25. Nc3 Rxb2 26. Ned1 Rc2 27.
Rb1 b6 28. Rb2 Rfxf2 0-1

[Event "5. Griesheimer Schachtage 2009"]
[Site "Griesheim"]
[Date "2009.05.16"]
[Round "3.15"]
[White "Will, Dominik"]
[Black "Dankesreiter, Arne"]
[Result "1-0"]
[WhiteElo "1790"]
[BlackElo "2017"]
[PlyCount "83"]

1. e4 d5 2. exd5 Qxd5 3. Nc3 Qa5 4. d4 c6 5. Nf3 Nf6 6. Bc4 Bf5 7. Ne5 e6 8. g4
Bg6 9. h4 Nbd7 10. Nxd7 Nxd7 11. Qe2 Bb4 12. Bd2 O-O-O 13. O-O-O h5 14. a3 Bxc3
15. Bxc3 Qc7 16. g5 Nb6 17. Bxe6+ fxe6 18. Qxe6+ Kb8 19. Qxg6 Qf4+ 20. Bd2 Qxf2
21. Qxg7 Nc4 22. Qf6 Qxf6 23. gxf6 Nxd2 24. Rxd2 Rhf8 25. Rf1 Rd6 26. f7 Rd7
27. Rdf2 Rxd4 28. Re2 Kc7 29. Re8 Rd8 30. Rxf8 Rxf8 31. Rf5 Kd6 32. Rxh5 Rxf7
33. b3 b5 34. b4 Rf3 35. Kb2 Rh3 36. Rh6+ Kd5 37. Rh8 Ke6 38. h5 Kf6 39. Rc8
Ke7 40. Rxc6 Rxh5 41. Rc7+ Kd6 42. Rxa7 1-0

[Event "5. Griesheimer Schachtage 2009"]
[Site "Griesheim"]
[Date "2009.05.16"]
[Round "3.16"]
[White "Tierling, Detlef"]
[Black "Fuehrer, Michael"]
[Result "0-1"]
[WhiteElo "1992"]
[BlackElo "1787"]
[PlyCount "110"]

1. f4 d5 2. b3 Nf6 3. Bb2 g6 4. Nf3 Bg7 5. e3 O-O 6. Be2 c5 7. O-O Nc6 8. Ne5
Qc7 9. Nxc6 Qxc6 10. Bf3 b6 11. c4 Bb7 12. Nc3 Qd7 13. cxd5 Nxd5 14. Na4 Rad8
15. Bxg7 Kxg7 16. a3 Ba6 17. Rf2 Qe6 18. Qc2 Nf6 19. h3 Bd3 20. Qc3 Kg8 21. Nb2
Ne4 22. Bxe4 Qxe4 23. f5 Qd5 24. f6 exf6 25. b4 f5 26. bxc5 Qxc5 27. Qxc5 bxc5
28. Rc1 c4 29. Rf4 Be2 30. Rc2 Bd3 31. Rc3 Rd5 32. Nxd3 cxd3 33. Ra4 a5 34. Kf2
Re8 35. Rd4 Rxd4 36. exd4 Re2+ 37. Kf3 Rxd2 38. d5 Kf8 39. d6 Ke8 40. Rc4 Rc2
41. Rd4 d2 42. a4 Kd7 43. g4 fxg4+ 44. hxg4 Rc4 45. Rxd2 Rxa4 46. g5 Rb4 47.
Rd5 a4 48. Kg3 a3 49. Ra5 Rb3+ 50. Kf4 Kxd6 51. Ra6+ Kd5 52. Ra5+ Kc4 53. Ra7
Kc3 54. Ke5 Rb5+ 55. Kf6 Kb2 0-1

[Event "5. Griesheimer Schachtage 2009"]
[Site "Griesheim"]
[Date "2009.05.16"]
[Round "3.17"]
[White "Donchenko, Alexander"]
[Black "Simak, Jaroslav"]
[Result "1-0"]
[WhiteElo "1984"]
[BlackElo "1728"]
[PlyCount "75"]

1. d4 d5 2. Nf3 Nf6 3. c4 e6 4. Nc3 c6 5. Bg5 dxc4 6. e4 b5 7. e5 h6 8. Bh4 g5
9. Nxg5 hxg5 10. Bxg5 Nbd7 11. Qf3 Qb6 12. Bxf6 Nxf6 13. Qxf6 Rh7 14. Rd1 Be7
15. Qf4 Bb7 16. Be2 Rh4 17. g4 c5 18. d5 exd5 19. Nxd5 Bxd5 20. Rxd5 Rd8 21.
Bf3 Rxd5 22. Bxd5 Qg6 23. Qf5 Rxg4 24. Bxf7+ Qxf7 25. Qc8+ Bd8 26. Qxg4 Ba5+
27. Ke2 Qd5 28. Qg6+ Ke7 29. Qg7+ Ke8 30. Rd1 Qe4+ 31. Kf1 Qh1+ 32. Qg1 Qf3 33.
Qg8+ Ke7 34. Qg5+ Ke8 35. Qg6+ Ke7 36. Qd6+ Kf7 37. Qd7+ Kf8 38. Qc8+ 1-0

[Event "5. Griesheimer Schachtage 2009"]
[Site "Griesheim"]
[Date "2009.05.16"]
[Round "3.18"]
[White "Diehl, Mirko"]
[Black "Plattner, Rolf"]
[Result "1/2-1/2"]
[WhiteElo "1773"]
[BlackElo "1932"]
[PlyCount "43"]

1. e4 e6 2. d3 c5 3. g3 g6 4. Bg2 Bg7 5. c3 Nc6 6. Ne2
Nge7 7. O-O O-O 8. Be3 d6 9. f4 Bd7 10. Nd2 b5 11. Nf3 Rc8 12. d4 cxd4 13.
Nexd4 a6 14. Re1 Qc7 15. Qd2 Na5 16. Qe2 Nc4 17. Bf2 Rfd8 18. Nb3 Be8 19. Rab1
a5 20. Nbd2 Nxd2 21. Nxd2 a4 22. a3 1/2-1/2

[Event "5. Griesheimer Schachtage 2009"]
[Site "Griesheim"]
[Date "2009.05.16"]
[Round "3.19"]
[White "Will, Patrick"]
[Black "Kalmbach, Rainer"]
[Result "1-0"]
[WhiteElo "1929"]
[BlackElo "1689"]
[PlyCount "79"]

1. Nf3 c5 2. e4 a6 3. d4 cxd4 4. Nxd4 Nf6 5. Nc3 e5 6. Nf3 Bb4 7. Bd2 d6 8. Bd3
O-O 9. O-O Nc6 10. a3 Bc5 11. Bg5 Be6 12. Nd5 Bxd5 13. exd5 Nd4 14. c3 Nxf3+
15. Qxf3 h6 16. Bh4 g5 17. Bg3 e4 18. Bxe4 Nxe4 19. Qxe4 Qf6 20. Rae1 Rfe8 21.
Qg4 Re7 22. h4 Rae8 23. Rxe7 Qxe7 24. b4 Ba7 25. Kh2 Qe4 26. Qxe4 Rxe4 27. hxg5
hxg5 28. Bxd6 Bb6 29. g3 Re2 30. Bc5 Bxc5 31. bxc5 Rd2 32. d6 f6 33. Kg2 Kf7
34. Re1 Rd5 35. Re7+ Kf8 36. Rxb7 Rxc5 37. Rc7 Rd5 38. Rc6 Ke8 39. c4 Rd3 40.
Rxa6 1-0